Philosophy of mind : (Record no. 15574)

000 -LEADER
fixed length control field 01374cam a2200313 a 4500
001 - CONTROL NUMBER
control field 15438494
005 - DATE AND TIME OF LATEST TRANSACTION
control field 20170105102921.0
008 - FIXED-LENGTH DATA ELEMENTS--GENERAL INFORMATION
fixed length control field 080904s2009 enka b 001 0 eng
010 ## - LIBRARY OF CONGRESS CONTROL NUMBER
LC control number 2008038898
020 ## - INTERNATIONAL STANDARD BOOK NUMBER
International Standard Book Number 9780826499172 (HB)
020 ## - INTERNATIONAL STANDARD BOOK NUMBER
International Standard Book Number 0826499171 (HB)
020 ## - INTERNATIONAL STANDARD BOOK NUMBER
International Standard Book Number 9780826499189 (pbk.)
020 ## - INTERNATIONAL STANDARD BOOK NUMBER
International Standard Book Number 082649918X (pbk.)
035 ## - SYSTEM CONTROL NUMBER
System control number (OCoLC)ocn248538144
040 ## - CATALOGING SOURCE
Original cataloging agency DLC
Transcribing agency DLC
Modifying agency BTCTA
-- YDXCP
-- C#P
-- BWX
-- CDX
-- BWK
-- DLC
050 00 - LIBRARY OF CONGRESS CALL NUMBER
Classification number BD418.3
Item number .J34 2009
082 00 - DEWEY DECIMAL CLASSIFICATION NUMBER
Classification number 128/.2
Edition number 22
100 1# - MAIN ENTRY--PERSONAL NAME
Personal name Jacquette, Dale.
245 10 - TITLE STATEMENT
Title Philosophy of mind :
Remainder of title the metaphysics of consciousness /
Statement of responsibility, etc. Dale Jacquette.
260 ## - PUBLICATION, DISTRIBUTION, ETC.
Place of publication, distribution, etc. London ;
-- New York :
Name of publisher, distributor, etc. Continuum,
Date of publication, distribution, etc. c2009.
300 ## - PHYSICAL DESCRIPTION
Extent xiii, 307 p. :
Other physical details ill. ;
Dimensions 24 cm.
500 ## - GENERAL NOTE
General note Rev. and expanded ed. of: Philosophy of mind / Dale Jacquette. Englewood Cliffs, NJ : Prentice Hall, c1994.
504 ## - BIBLIOGRAPHY, ETC. NOTE
Bibliography, etc. note Includes bibliographical references (p. [286]-296) and index.
650 #0 - SUBJECT ADDED ENTRY--TOPICAL TERM
Topical term or geographic name entry element Philosophy of mind.
856 41 - ELECTRONIC LOCATION AND ACCESS
Materials specified Table of contents only
Uniform Resource Identifier <a href="http://www.loc.gov/catdir/toc/ecip0827/2008038898.html">http://www.loc.gov/catdir/toc/ecip0827/2008038898.html</a>
906 ## - LOCAL DATA ELEMENT F, LDF (RLIN)
a 7
b cbc
c orignew
d 1
e ecip
f 20
g y-gencatlg
942 ## - ADDED ENTRY ELEMENTS (KOHA)
Source of classification or shelving scheme
Koha item type Book
Holdings
Withdrawn status Lost status Damaged status Not for loan Collection code Permanent Location Current Location Shelving location Date acquired Total Checkouts Full call number Barcode Date last seen Date last checked out Price effective from Koha item type
          Centre for International Peace & Stability (CIPS) Centre for International Peace & Stability (CIPS) General Stacks 09/30/2013 1 128.2 JAC 2009 CIPS0001591 02/27/2026 01/21/2026 12/04/2013 Book
© 2023 Central Library, National University of Sciences and Technology. All Rights Reserved.